1720 1871 1632 1760 1831 1569 1145 1070 1261 1423 1582 1567 1123 1925 1486 1949 1023 1290 1949 1756 1411 1075 1312 1644 1052 1999 1655 1035 1844 1068 1171 1536 1837 1850 1877 1565 1930 1843 1786 1814 1553 1473 1378 1987 1469 1552 1071 1836 1915 1695 1290 1078 1901 1461 1407 1525 1087 1168 1507 1687 1209 1618 1327 1189 1138 1033 1143 1649 1032 1730 1384 1399 1253 1937 1722 1738 1863 1211 1809 1432 1284 1377 1578 1472 1135 1049 1457 1992 1015 1470 1552 1668 1564 1605 1279 1320 1503 1993 1723 BCNSPRNW ULIB Ver.6.0+V

เปลี่ยนเป็นภาษาไทย

Change to English
 แสดงรายละเอียดบรรณานุกรม
  กลับหน้าหลัก

Brief Record : Get Marc (ISO 2709) : E-mail record : QR code < ปิดหน้าต่าง
LEADER : 00000nam 2200000uu 4500
001    13399125858
003     ULIB
008    020711s2015 th a 000 0 eng d
020    ^a9780745662190
060    ^aWA21^bH-P
100    ^aHolland, Stephen.
245    ^aPublic health ethics/^bHolland, Stephen.
250    ^a2nd ed
260    ^aCambridge :^bPolity Press,^c2015
300    ^a276 pages;^c22 cm
650    ^aPublic Health-ethics
945    ^p646^l0^i003240
999    ^aประนอม เกษจรัล
รายการนี้ยังไม่มีแท็ก
คุณยังไม่ได้ล็อกอิน คุณสามารถมีกิจกรรมร่วมกับเว็บไซต์ได้ แต่ต้องล็อกอินก่อน ::
  ล็อกอิน

รายการสื่อสารสนเทศ

ลำดับที่ ประเภท เลขเรียก/บาร์โค้ด สถานที่ สถานะ
1. วิทยาศาสตร์การแพทย์ และสุขภาพ
หนังสือสำรอง
สถานะ=หนังสือสำรอง
WA21 H-P ฉ.1 
  Barcode: 003240
ห้องสมุดวิทยาเขตสวรรค์ประชารักษ์
►หนังสือทั่วไป
บนชั้น

BibComment


ยังไม่เคยถูกคอมเมนท์

คอมเมนท์ทรัพยากรรายการนี้
  คอมเมนท์: Public health et..


 Copyright 2026. Bcnsprnw @Library